000 00269nam a2200121Ia 4500
008 241002s9999 xx 000 0 und d
082 _a928.1 SAR
100 _aSartre, Jean Paul
245 4 _aThe Words
260 _aNew York:
_c1966
600 _aHistory
942 _cUC
999 _c18834
_d18834